000 00627nam a22001697a 4500
003 NUST
038 _aNusrat Nadeem
082 _a200
100 _aFarooq, Mahnoor
_9125300
245 _aThe Perspective of Primary School Teachers on the Learning Loss of Students due to Prolonged Unplanned School Closure (PUSC) in Pakistan/
_cMahnoor Farooq,
264 _aIslamabad;
_bS3H NUST;
_c2024.
300 _a103,p;
_bill;
_c30,cm.
650 _aMS- Career Counselling and Education
_9125301
700 _aSupervisor: Dr. Saeeds Khanum
_9125302
856 _u http://10.250.8.41:8080/xmlui/handle/123456789/45764
942 _2ddc
_cSC
999 _c611060
_d611060